[Event "FIDE WY-U16 Olympiad 2022"]
[Site "Nakhchivan"]
[Date "2022.10.09"]
[Round "8.23"]
[White "Nabil Nazar, Mohamed"]
[Black "Boshoma, Chisomo"]
[Result "1-0"]
[WhiteElo "1987"]
[BlackElo "1466"]
[Annotator "TA"]
[PlyCount "120"]
[EventDate "2022.10.02"]
[EventType "team-tourn"]
[EventCountry "AZE"]
[SourceTitle "playchess.com"]
[Source "ChessBase"]
[SourceQuality "1"]
[WhiteTeam "Sri Lanka"]
[BlackTeam "South Africa"]
[WhiteTeamCountry "SRI"]
[BlackTeamCountry "RSA"]

1. c4 e6 2. d4 d5 3. e3 c6 4. Nf3 Nd7 5. b3 f5 6. Bd3 Ndf6 7. O-O Bd6 8. Ba3 Bxa3 9. Nxa3 Ne7 10. Qc2 O-O 11. b4 Bd7 12. Ne5 Rc8 13. Qb3 b6 14. Rfc1 Rc7 15. Rc2 Qa8 16. Rac1 Rfc8 17. cxd5 exd5 18. Nb5 Qb7 19. Nd6 Qb8 20. Nxc8 Qxc8 21. Qa3 Be8 22. b5 Qe6 23. bxc6 Nxc6 24. Nxc6 Rxc6 25. Qxa7 Rxc2 26. Rxc2 f4 27. Re2 Qc6 28. Qa3 fxe3 29. Rxe3 Ne4 30. Bxe4 dxe4 31. Qc3 b5 32. Qxc6 Bxc6 33. Rc3 Bd5 34. Rc5 Bxa2 35. Rxb5 Kf7 36. Re5 Bb1 37. Kf1 Bd3+ 38. Ke1 Kf6 39. Kd2 g5 40. Ke3 h5 41. Rxe4 Bxe4 42. Kxe4 Ke6 43. d5+ Kf6 44. d6 Ke6 45. d7 Kxd7 46. Kf5 g4 47. Kg5 g3 48. hxg3 Ke6 49. Kxh5 Kf5 50. g4+ Kf6 51. Kh6 Kf7 52. g5 Kg8 53. Kg6 Kh8 54. Kf7 Kh7 55. g6+ Kh6 56. g7 Kg5 57. g8=Q+ Kf5 58. Qe8 Kg5 59. Qe5+ Kg4 60. Kg6 Kh4 1-0

[Event "FIDE WY-U16 Olympiad 2022"]
[Site "Nakhchivan"]
[Date "2022.10.09"]
[Round "8.24"]
[White "Rzali, Leyla"]
[Black "Baloglu, Dila"]
[Result "0-1"]
[WhiteElo "1451"]
[BlackElo "1752"]
[Annotator "NA RC COMBH"]
[PlyCount "54"]
[EventDate "2022.10.02"]
[EventType "team-tourn"]
[EventCountry "AZE"]
[SourceTitle "playchess.com"]
[Source "ChessBase"]
[SourceQuality "1"]
[WhiteTeam "Azerbaijan"]
[BlackTeam "Turkey"]
[WhiteTeamCountry "AZE"]
[BlackTeamCountry "TUR"]

1. e4 c5 2. Nf3 Nc6 3. d4 cxd4 4. Nxd4 Nf6 5. Nc3 e6 6. Nxc6 bxc6 7. e5 Nd5 8. Nxd5 cxd5 9. Bd3 Qc7 10. f4 Bc5 11. Qf3 Rb8 12. Ke2 d6 13. exd6 Qxd6 14. Re1 O-O 15. Kd1 g6 16. Qg3 Bd4 17. c3 Bg7 18. h4 Ba6 19. Bxa6 Qxa6 20. Qf2 d4 21. c4 Qxc4 22. b3 Qd3+ 23. Qd2 Qg3 24. Rh1 d3 25. Bb2 Bxb2 26. Qxb2 Rbc8 27. Rc1 Qg4+ 0-1

[Event "FIDE WY-U16 Olympiad 2022"]
[Site "Nakhchivan"]
[Date "2022.10.09"]
[Round "8.24"]
[White "Price, Rowan Daelen"]
[Black "Gamage, Desandhi Dhihansa"]
[Result "1-0"]
[WhiteElo "1329"]
[BlackElo "1778"]
[Annotator "NA RC COMBH"]
[PlyCount "127"]
[EventDate "2022.10.02"]
[EventType "team-tourn"]
[EventCountry "AZE"]
[SourceTitle "playchess.com"]
[Source "ChessBase"]
[SourceQuality "1"]
[WhiteTeam "South Africa"]
[BlackTeam "Sri Lanka"]
[WhiteTeamCountry "RSA"]
[BlackTeamCountry "SRI"]

1. e4 c5 2. Nf3 d6 3. d4 cxd4 4. Nxd4 Nf6 5. Nc3 a6 6. Bc4 e6 7. Bb3 Be7 8. g4 h6 9. Be3 b5 10. a3 Qc7 11. Qe2 Nc6 12. Nxc6 Qxc6 13. f3 Nd7 14. O-O-O Nc5 15. Kb1 Bd7 16. Rhe1 a5 17. Bd5 exd5 18. exd5 Qc7 19. Bxc5 O-O 20. Qxe7 dxc5 21. Nxb5 Qb7 22. c4 Rfe8 23. Qxf7+ Kxf7 24. Nd6+ Kf6 25. Nxb7 Ba4 26. Rc1 Rec8 27. h4 Ra6 28. Rc3 Rb6 29. Nxa5 Rcb8 30. Re2 Ra8 31. Nc6 Bxc6 32. dxc6 Rxc6 33. Rce3 Ra4 34. Re4 Rb6 35. Kc2 Ra7 36. Re5 Rab7 37. Kc1 Rb3 38. f4 Rf3 39. g5+ hxg5 40. fxg5+ Kg6 41. Rxc5 Rf4 42. b4 Rxh4 43. Re6+ Kh5 44. b5 Rh3 45. Kb2 Rd7 46. Rd5 Ra7 47. Ra6 Re7 48. Rd2 Kxg5 49. Ra4 Kf5 50. b6 Rh6 51. Rb4 Rb7 52. c5 Rc6 53. Rc2 Ke5 54. a4 Kd5 55. Rg4 Rc8 56. Kb3 Kc6 57. Kb4 Ra8 58. Rd2 Re7 59. Rd6+ Kb7 60. Kb5 Kc8 61. Rgd4 Re8 62. Rd7 Re5 63. Rd8+ Kb7 64. R4d7# 1-0

[Event "FIDE WY-U16 Olympiad 2022"]
[Site "Nakhchivan"]
[Date "2022.10.09"]
[Round "8.25"]
[White "Nemsadze, Daviti"]
[Black "Jannatul, Ferdousi"]
[Result "1-0"]
[WhiteElo "2012"]
[BlackElo "1624"]
[Annotator "TA"]
[PlyCount "49"]
[EventDate "2022.10.02"]
[EventType "team-tourn"]
[EventCountry "AZE"]
[SourceTitle "playchess.com"]
[Source "ChessBase"]
[SourceQuality "1"]
[WhiteTeam "Georgia"]
[BlackTeam "Bangladesh"]
[WhiteTeamCountry "GEO"]
[BlackTeamCountry "BAN"]

1. e4 e6 2. d4 d5 3. Nc3 Nf6 4. e5 Nfd7 5. f4 c5 6. Nf3 Nc6 7. Be3 a6 8. Be2 b5 9. a3 Qb6 10. Bf2 cxd4 11. b4 Be7 12. O-O Qc7 13. Nxd4 O-O 14. Qd3 Nxd4 15. Bxd4 Bb7 16. Qe3 Rac8 17. f5 exf5 18. Rxf5 f6 19. exf6 Bxf6 20. Nxd5 Bxd4 21. Qxd4 Qxc2 22. Bd3 Qb3 23. Ne7+ Kh8 24. Rh5 h6 25. Rxh6# 1-0

[Event "FIDE WY-U16 Olympiad 2022"]
[Site "Nakhchivan"]
[Date "2022.10.09"]
[Round "8.25"]
[White "Ismayilova, Khanim"]
[Black "Mendez Machado, Andre"]
[Result "0-1"]
[WhiteElo "1848"]
[BlackElo "2009"]
[Annotator "TA"]
[PlyCount "58"]
[EventDate "2022.10.02"]
[EventType "team-tourn"]
[EventCountry "AZE"]
[SourceTitle "playchess.com"]
[Source "ChessBase"]
[SourceQuality "1"]
[WhiteTeam "Azerbaijan"]
[BlackTeam "Panama"]
[WhiteTeamCountry "AZE"]
[BlackTeamCountry "PAN"]

1. c4 e5 2. Nc3 Nf6 3. Nf3 Nc6 4. e4 Bb4 5. d3 d6 6. g3 Bg4 7. h3 Bxf3 8. Qxf3 Nd4 9. Qd1 c6 10. Bg2 a5 11. O-O Bc5 12. Be3 h6 13. Ne2 Qb6 14. Bxd4 Bxd4 15. Nxd4 Qxd4 16. Qb3 O-O 17. Qc3 c5 18. Kh2 a4 19. a3 Rfb8 20. f4 b5 21. Rfb1 bxc4 22. dxc4 Rb3 23. Qc2 Qe3 24. f5 Qxg3+ 25. Kh1 Rab8 26. Qd2 Rd3 27. Qa5 Rbb3 28. Rd1 Rxb2 29. Rg1 Qxh3+ 0-1

[Event "FIDE WY-U16 Olympiad 2022"]
[Site "Nakhchivan"]
[Date "2022.10.09"]
[Round "8.26"]
[White "Manon, Reja Neer"]
[Black "Kirtadze, Anastasia"]
[Result "1-0"]
[WhiteElo "2107"]
[BlackElo "1814"]
[Annotator "TA"]
[PlyCount "75"]
[EventDate "2022.10.02"]
[EventType "team-tourn"]
[EventCountry "AZE"]
[SourceTitle "playchess.com"]
[Source "ChessBase"]
[SourceQuality "1"]
[WhiteTeam "Bangladesh"]
[BlackTeam "Georgia"]
[WhiteTeamCountry "BAN"]
[BlackTeamCountry "GEO"]

1. e4 c5 2. Nf3 e6 3. d4 cxd4 4. Nxd4 a6 5. Bd3 Nf6 6. O-O Qc7 7. c4 d6 8. Be3 g6 9. Nc3 Bg7 10. a4 O-O 11. a5 Nbd7 12. f4 Kh8 13. Nb3 Rd8 14. Qe2 Ng8 15. Na4 Re8 16. Nb6 Nxb6 17. axb6 Qe7 18. c5 d5 19. Bf2 dxe4 20. Bxe4 e5 21. fxe5 Bxe5 22. Rae1 Rb8 23. Bf3 f6 24. Na5 Bd7 25. Bxb7 h5 26. Bxa6 Nh6 27. h3 Ng4 28. c6 Nxf2 29. Qxf2 Ra8 30. cxd7 Qxd7 31. Rxe5 fxe5 32. Qf6+ Qg7 33. b7 Rxa6 34. Qxa6 e4 35. Qf6 Qxf6 36. Rxf6 e3 37. Rf1 Kg7 38. Nc6 1-0

[Event "FIDE WY-U16 Olympiad 2022"]
[Site "Nakhchivan"]
[Date "2022.10.09"]
[Round "8.26"]
[White "Batista Rosas, Nicolas Arturo"]
[Black "Nuriyeva, Nurtan"]
[Result "1/2-1/2"]
[WhiteElo "1941"]
[BlackElo "1651"]
[Annotator "TA"]
[PlyCount "93"]
[EventDate "2022.10.02"]
[EventType "team-tourn"]
[EventCountry "AZE"]
[SourceTitle "playchess.com"]
[Source "ChessBase"]
[SourceQuality "1"]
[WhiteTeam "Panama"]
[BlackTeam "Azerbaijan"]
[WhiteTeamCountry "PAN"]
[BlackTeamCountry "AZE"]

1. d4 d5 2. c4 e6 3. cxd5 exd5 4. Nc3 c6 5. Nf3 Nf6 6. Bg5 Be7 7. e3 Bf5 8. Bd3 Bxd3 9. Qxd3 Nbd7 10. O-O O-O 11. Rab1 Re8 12. b4 a6 13. a4 Ne4 14. Bf4 Ndf6 15. Ne5 Nxc3 16. Qxc3 Ne4 17. Qb2 f6 18. Nd3 b6 19. Rfc1 Rc8 20. Qa2 Qd7 21. h3 g5 22. Bh2 Kg7 23. Qe2 Bd6 24. Bxd6 Qxd6 25. Rc2 Re7 26. Rbc1 Rec7 27. h4 h6 28. Qg4 Qf8 29. hxg5 hxg5 30. f3 Nd6 31. Nf4 Qe7 32. Kf2 f5 33. Qg3 Nc4 34. Re2 Kf7 35. Nd3 Rg8 36. Rh1 Rg7 37. Rh8 Rg8 38. Rh5 Rcc8 39. Qh3 Qf6 40. g4 Rh8 41. Rh7+ Rxh7 42. Qxh7+ Ke6 43. Qb7 Qh8 44. gxf5+ Kd6 45. Ne5 Qh2+ 46. Kf1 Qh1+ 47. Kf2 1/2-1/2

[Event "FIDE WY-U16 Olympiad 2022"]
[Site "Nakhchivan"]
[Date "2022.10.09"]
[Round "8.27"]
[White "Safarov, Deniel"]
[Black "Sakline Mostafa, Sajid"]
[Result "1-0"]
[WhiteElo "2032"]
[BlackElo "2001"]
[Annotator "TA"]
[PlyCount "105"]
[EventDate "2022.10.02"]
[EventType "team-tourn"]
[EventCountry "AZE"]
[SourceTitle "playchess.com"]
[Source "ChessBase"]
[SourceQuality "1"]
[WhiteTeam "Georgia"]
[BlackTeam "Bangladesh"]
[WhiteTeamCountry "GEO"]
[BlackTeamCountry "BAN"]

1. e4 c6 2. d4 d5 3. Nd2 dxe4 4. Nxe4 Nd7 5. Nf3 Ngf6 6. Nxf6+ Nxf6 7. c3 Bg4 8. h3 Bxf3 9. Qxf3 e6 10. g3 Bd6 11. Bg2 Qc7 12. O-O O-O 13. Bg5 Nd7 14. Rfd1 Rae8 15. Qd3 f5 16. c4 h6 17. Bc1 Rd8 18. c5 Be7 19. Qc4 Rf6 20. Bf4 Qc8 21. h4 Nf8 22. h5 Rf7 23. a4 Bf6 24. Be5 Bxe5 25. dxe5 Rfd7 26. Rd6 Rxd6 27. cxd6 Re8 28. a5 a6 29. Ra3 Rd8 30. Rb3 Rd7 31. g4 fxg4 32. Qxg4 Rf7 33. Be4 Qd8 34. Ra3 Kh8 35. b4 Qc8 36. Rf3 Rxf3 37. Qxf3 Kg8 38. Qg3 c5 39. Qc3 Nd7 40. bxc5 Qxc5 41. Qxc5 Nxc5 42. f4 Kf8 43. Bg6 Nd7 44. Kf2 b6 45. axb6 Nxb6 46. f5 exf5 47. Ke3 Nd5+ 48. Kd4 Nf4 49. Bxf5 a5 50. e6 a4 51. Ke5 g5 52. Bg6 a3 53. e7+ 1-0

[Event "FIDE WY-U16 Olympiad 2022"]
[Site "Nakhchivan"]
[Date "2022.10.09"]
[Round "8.27"]
[White "Huseynli, Ayan"]
[Black "Castillo Beitia, Ashley Alexandra"]
[Result "1-0"]
[WhiteElo "1492"]
[BlackElo "1674"]
[Annotator "NA RC COMBH"]
[PlyCount "36"]
[EventDate "2022.10.02"]
[EventType "team-tourn"]
[EventCountry "AZE"]
[SourceTitle "playchess.com"]
[Source "ChessBase"]
[SourceQuality "1"]
[WhiteTeam "Azerbaijan"]
[BlackTeam "Panama"]
[WhiteTeamCountry "AZE"]
[BlackTeamCountry "PAN"]

1. d4 d5 2. e3 c6 3. Bd3 Nf6 4. Nd2 Nbd7 5. f4 h5 6. Ngf3 Qc7 7. Ne5 g6 8. c4 Nxe5 9. fxe5 Ng4 10. Qf3 Be6 11. h3 dxc4 12. Nxc4 Nh6 13. e4 O-O-O 14. Be3 Bg7 15. O-O Kb8 16. b4 Rhf8 17. Qe2 f6 18. exf6 Rxf6 1-0

[Event "FIDE WY-U16 Olympiad 2022"]
[Site "Nakhchivan"]
[Date "2022.10.09"]
[Round "8.28"]
[White "Sajidul, Haque"]
[Black "kiladze, Luka"]
[Result "0-1"]
[WhiteElo "2010"]
[BlackElo "1894"]
[Annotator "TA"]
[PlyCount "136"]
[EventDate "2022.10.02"]
[EventType "team-tourn"]
[EventCountry "AZE"]
[SourceTitle "playchess.com"]
[Source "ChessBase"]
[SourceQuality "1"]
[WhiteTeam "Bangladesh"]
[BlackTeam "Georgia"]
[WhiteTeamCountry "BAN"]
[BlackTeamCountry "GEO"]

1. d4 Nf6 2. Bf4 e6 3. e3 d5 4. Nf3 Bd6 5. Bg3 O-O 6. Bd3 c5 7. c3 Nc6 8. Nbd2 b6 9. Qc2 c4 10. Be2 Bb7 11. e4 Nxe4 12. Nxe4 dxe4 13. Qxe4 Na5 14. Qg4 Bd5 15. Ng5 h6 16. Nh3 f5 17. Qh5 Bxg3 18. hxg3 Bxg2 19. Nf4 Bxh1 20. Nxe6 Qe8 21. Nxf8 Qxh5 22. Bxh5 Rxf8 23. f3 g6 24. Bxg6 Bxf3 25. Kf2 Bd5 26. Ke3 Nc6 27. Kf4 Kg7 28. Bxf5 Re8 29. g4 Re2 30. Rb1 Kf6 31. b3 Rxa2 32. bxc4 Bxc4 33. Be4 Ne7 34. Rh1 Kg7 35. g5 hxg5+ 36. Kxg5 Ra5+ 37. Kg4 Be6+ 38. Kg3 Ra3 39. Rh7+ Kf8 40. Rh8+ Bg8 41. d5 Rxc3+ 42. Kf4 Kg7 43. Rh5 Rc5 44. d6 Rxh5 45. d7 Rh4+ 46. Kg5 Rg4+ 47. Kh5 Bf7+ 48. Kxg4 Be6+ 49. Kf4 Bxd7 50. Ke5 Nc8 51. Bc2 Kf8 52. Bd1 Ke7 53. Bc2 Kd8 54. Kd4 Kc7 55. Be4 Bc6 56. Bc2 Kd6 57. Bd1 b5 58. Bc2 a5 59. Kc3 Kc5 60. Bd1 b4+ 61. Kb2 a4 62. Bc2 Nb6 63. Bd1 a3+ 64. Ka1 Ba4 65. Bh5 b3 66. Bf7 Nc4 67. Bg6 Ne3 68. Bh7 Nc2+ 0-1

[Event "FIDE WY-U16 Olympiad 2022"]
[Site "Nakhchivan"]
[Date "2022.10.09"]
[Round "8.28"]
[White "Ibanez Zanetti, Sebastian Andres"]
[Black "Bashirli, Saadat"]
[Result "0-1"]
[WhiteElo "1433"]
[BlackElo "1508"]
[Annotator "NA RC COMBH"]
[PlyCount "60"]
[EventDate "2022.10.02"]
[EventType "team-tourn"]
[EventCountry "AZE"]
[SourceTitle "playchess.com"]
[Source "ChessBase"]
[SourceQuality "1"]
[WhiteTeam "Panama"]
[BlackTeam "Azerbaijan"]
[WhiteTeamCountry "PAN"]
[BlackTeamCountry "AZE"]

1. e4 c5 2. Nf3 g6 3. d4 cxd4 4. Nxd4 Nc6 5. c4 Nf6 6. Nc3 Nxd4 7. Qxd4 d6 8. Be2 Bg7 9. Be3 O-O 10. Qd2 Bh8 11. O-O a5 12. f4 a4 13. Rac1 Qa5 14. Bd4 Nxe4 15. Qd3 Bxd4+ 16. Qxd4 Nxc3 17. Rxc3 Qc5 18. Qxc5 dxc5 19. Rd1 Be6 20. Bf3 Rfd8 21. Bd5 b5 22. Rdc1 b4 23. Re3 Bxd5 24. cxd5 Rxd5 25. Rxe7 Rad8 26. Re2 Rd1+ 27. Rxd1 Rxd1+ 28. Kf2 Rc1 29. Ke3 Kg7 30. g4 Ra1 0-1

[Event "FIDE WY-U16 Olympiad 2022"]
[Site "Nakhchivan"]
[Date "2022.10.09"]
[Round "8.29"]
[White "Seyid, Huseyn"]
[Black "Arkadan, Adib"]
[Result "0-1"]
[WhiteElo "2125"]
[BlackElo "1928"]
[Annotator "TA"]
[PlyCount "112"]
[EventDate "2022.10.02"]
[EventType "team-tourn"]
[EventCountry "AZE"]
[SourceTitle "playchess.com"]
[Source "ChessBase"]
[SourceQuality "1"]
[WhiteTeam "Azerbaijan"]
[BlackTeam "Lebanon"]
[WhiteTeamCountry "AZE"]
[BlackTeamCountry "LBN"]

1. e4 c5 2. Nf3 d6 3. d4 cxd4 4. Nxd4 Nf6 5. Nc3 a6 6. Bg5 e6 7. f4 Be7 8. Qe2 h6 9. Bxf6 Bxf6 10. O-O-O Qc7 11. g4 Nc6 12. Nxc6 bxc6 13. Qd2 d5 14. e5 Be7 15. h4 Rb8 16. Rh3 Bd7 17. Ne2 c5 18. c4 d4 19. Kb1 f6 20. exf6 gxf6 21. Bg2 Kf7 22. Qd3 h5 23. gxh5 f5 24. Bf3 a5 25. Qd2 Bd6 26. Rg3 Rbg8 27. Rg6 Bc6 28. Bxc6 Qxc6 29. Ng3 Rxg6 30. hxg6+ Kxg6 31. h5+ Kf7 32. Qf2 Qc7 33. Rf1 Qd8 34. Qf3 Qa8 35. Qe2 Qb8 36. Qf2 Qb4 37. Qc2 Kf6 38. Qe2 Qb7 39. Qh2 Qh7 40. Qh4+ Kf7 41. Qh1 Qg8 42. Qb7+ Be7 43. Qf3 Qa8 44. Qd3 Qc6 45. Qe2 Bf6 46. Qh2 Rh6 47. Qh3 Qa6 48. Qg2 Qxc4 49. Rg1 Qd5 50. Qxd5 exd5 51. Nxf5 Rxh5 52. Nd6+ Ke6 53. Nb7 c4 54. Rd1 d3 55. Kc1 Rh2 56. Rd2 Rh1+ 0-1

[Event "FIDE WY-U16 Olympiad 2022"]
[Site "Nakhchivan"]
[Date "2022.10.09"]
[Round "8.30"]
[White "Karam, Youssef Mark"]
[Black "Hasanli, Rza"]
[Result "0-1"]
[WhiteElo "1522"]
[BlackElo "1566"]
[Annotator "NA RC COMBH"]
[PlyCount "68"]
[EventDate "2022.10.02"]
[EventType "team-tourn"]
[EventCountry "AZE"]
[SourceTitle "playchess.com"]
[Source "ChessBase"]
[SourceQuality "1"]
[WhiteTeam "Lebanon"]
[BlackTeam "Azerbaijan"]
[WhiteTeamCountry "LBN"]
[BlackTeamCountry "AZE"]

1. b3 Nf6 2. Bb2 d5 3. e3 c5 4. Nf3 e6 5. c4 dxc4 6. bxc4 Be7 7. Be2 O-O 8. O-O Nc6 9. d4 cxd4 10. exd4 b6 11. Nc3 Bb7 12. Rc1 Na5 13. Qa4 Rc8 14. Nd1 Qe8 15. Qxe8 Nxe8 16. Ne3 Nd6 17. Nd2 Ba6 18. Rc2 f5 19. Rfc1 Bf6 20. Bf1 Rfd8 21. Nb3 Ndb7 22. d5 Bxb2 23. Rxb2 Nxb3 24. axb3 f4 25. Ra2 Na5 26. dxe6 fxe3 27. b4 Bxc4 28. Bxc4 Rxc4 29. Rf1 Rxb4 30. fxe3 Re4 31. Rf3 Rxe6 32. g4 Rde8 33. Raf2 Rxe3 34. Rf7 R3e7 0-1

[Event "FIDE WY-U16 Olympiad 2022"]
[Site "Nakhchivan"]
[Date "2022.10.09"]
[Round "8.31"]
[White "Humbatova, Nazli"]
[Black "Fawaz, Mohamad"]
[Result "0-1"]
[WhiteElo "1777"]
[BlackElo "1553"]
[Annotator "NA RC COMBH"]
[PlyCount "74"]
[EventDate "2022.10.02"]
[EventType "team-tourn"]
[EventCountry "AZE"]
[SourceTitle "playchess.com"]
[Source "ChessBase"]
[SourceQuality "1"]
[WhiteTeam "Azerbaijan"]
[BlackTeam "Lebanon"]
[WhiteTeamCountry "AZE"]
[BlackTeamCountry "LBN"]

1. e4 c6 2. Nc3 d5 3. Nf3 Bg4 4. h3 Bxf3 5. Qxf3 e6 6. d4 Nf6 7. Bd3 Qb6 8. O-O a6 9. Re1 Qxd4 10. exd5 cxd5 11. Be3 Qb4 12. a3 Qd6 13. Bf4 Qd8 14. b4 Be7 15. Na2 Nc6 16. c3 O-O 17. a4 Qc8 18. Rad1 Rd8 19. Bb1 b5 20. a5 d4 21. Bg5 Ra7 22. cxd4 Rad7 23. Bxf6 Bxf6 24. Rc1 Nxd4 25. Qe4 Qb8 26. Qxh7+ Kf8 27. Bc2 Qf4 28. Re4 Qd2 29. Bd1 Qxa2 30. Bg4 Qb2 31. Rce1 Qxb4 32. f4 Qc5 33. Kh1 Nf5 34. Kh2 Rd2 35. h4 Qf2 36. Bh3 Qxh4 37. Qxf5 exf5 0-1

[Event "FIDE WY-U16 Olympiad 2022"]
[Site "Nakhchivan"]
[Date "2022.10.09"]
[Round "8.32"]
[White "Fawaz, Nadia"]
[Black "Abbasov, Sadig"]
[Result "0-1"]
[WhiteElo "1385"]
[BlackElo "1578"]
[Annotator "NA RC COMBH"]
[PlyCount "116"]
[EventDate "2022.10.02"]
[EventType "team-tourn"]
[EventCountry "AZE"]
[SourceTitle "playchess.com"]
[Source "ChessBase"]
[SourceQuality "1"]
[WhiteTeam "Lebanon"]
[BlackTeam "Azerbaijan"]
[WhiteTeamCountry "LBN"]
[BlackTeamCountry "AZE"]

1. d4 Nf6 2. Bf4 d5 3. e3 c5 4. c3 Nc6 5. Nf3 Qb6 6. Qb3 c4 7. Qxb6 axb6 8. Na3 Bf5 9. Nb5 Kd7 10. Be2 e6 11. a4 Ne8 12. Kd2 f6 13. Nh4 Na5 14. Bd1 Be4 15. Bg3 Be7 16. Nf3 Nd6 17. Nxd6 Bxd6 18. Ne1 Ra7 19. Bxd6 Kxd6 20. f3 Bg6 21. Ke2 Rha8 22. Ra3 Be8 23. Bc2 h6 24. g4 b5 25. Ng2 bxa4 26. Bxa4 Bxa4 27. Rxa4 b5 28. Raa1 Nc6 29. Rxa7 Rxa7 30. Rd1 Ra2 31. Rd2 g5 32. h4 Kc7 33. h5 Kb6 34. e4 Ka5 35. exd5 exd5 36. Ne3 Ne7 37. Nd1 b4 38. Kf2 Ka4 39. Re2 Ra1 40. Ne3 bxc3 41. bxc3 Kb3 42. Nf1 Ra2 43. Rxa2 Kxa2 44. Ke2 Kb2 45. Kd2 f5 46. Ne3 f4 47. Nd1+ Kb3 48. Nf2 Nc6 49. Nh3 Kb2 50. Ng1 Na7 51. Ne2 Nb5 52. Ke1 Kc2 53. Kf1 Kd2 54. Kf2 Kd3 55. Ke1 Ke3 56. Ng1 Nxc3 57. Nh3 Nb5 58. Kd1 Kxf3 0-1

[Event "FIDE WY-U16 Olympiad 2022"]
[Site "Nakhchivan"]
[Date "2022.10.09"]
[Round "8.37"]
[White "Abdel Raouf, Zyad"]
[Black "Baghirov, Orkhan"]
[Result "0-1"]
[WhiteElo "1609"]
[BlackElo "1571"]
[Annotator "NA RC COMBH"]
[PlyCount "83"]
[EventDate "2022.10.02"]
[EventType "team-tourn"]
[EventCountry "AZE"]
[SourceTitle "playchess.com"]
[Source "ChessBase"]
[SourceQuality "1"]
[WhiteTeam "Egypt"]
[BlackTeam "Azerbaijan"]
[WhiteTeamCountry "EGY"]
[BlackTeamCountry "AZE"]

1. e4 e6 2. d4 d5 3. exd5 exd5 4. Nf3 Nf6 5. Bd3 Bd6 6. O-O O-O 7. Bg5 Bg4 8. c3 Nbd7 9. Nbd2 c6 10. Qc2 Qc7 11. Rfe1 Rac8 12. Bf5 Rce8 13. Bxg4 Nxg4 14. h3 Ngf6 15. Bxf6 Nxf6 16. Qf5 Ne4 17. Nxe4 dxe4 18. Nd2 g6 19. Qg4 Bf4 20. Nxe4 Rxe4 21. Rxe4 Bh2+ 22. Kh1 f5 23. Qe2 fxe4 24. g3 Bxg3 25. fxg3 Qxg3 26. Qg2 Qh4 27. Rf1 Rf4 28. Kg1 Qf6 29. Re1 Qf5 30. Re3 Kg7 31. c4 Rf3 32. Rb3 Rxb3 33. axb3 e3 34. Qg3 Qb1+ 35. Kg2 Qxb2+ 36. Kf3 Qf2+ 37. Qxf2 exf2 38. Kxf2 g5 39. b4 Kf6 40. Kg3 h5 41. b5 cxb5 42. cxb5 0-1

[Event "FIDE WY-U16 Olympiad 2022"]
[Site "Nakhchivan"]
[Date "2022.10.09"]
[Round "8.38"]
[White "Isfandiyarli, Kamal"]
[Black "Fahmi, Adham"]
[Result "1-0"]
[WhiteElo "1585"]
[BlackElo "1288"]
[Annotator "NA RC COMBH"]
[PlyCount "49"]
[EventDate "2022.10.02"]
[EventType "team-tourn"]
[EventCountry "AZE"]
[SourceTitle "playchess.com"]
[Source "ChessBase"]
[SourceQuality "1"]
[WhiteTeam "Azerbaijan"]
[BlackTeam "Egypt"]
[WhiteTeamCountry "AZE"]
[BlackTeamCountry "EGY"]

1. d4 d5 2. c4 c6 3. Nf3 Nf6 4. e3 e6 5. Nbd2 Nbd7 6. Bd3 Bd6 7. O-O e5 8. cxd5 cxd5 9. dxe5 Nxe5 10. Nxe5 Bxe5 11. Nf3 Qc7 12. Bd2 Bxb2 13. Rb1 Be5 14. Nxe5 Qxe5 15. Bb4 Bd7 16. h3 h5 17. Re1 Ne4 18. Bxe4 Qxe4 19. Ba3 b6 20. Rb4 Qf5 21. e4 dxe4 22. Rbxe4+ Kd8 23. Re5 Qg6 24. Rd5 Qc6 25. Re7 1-0

[Event "FIDE WY-U16 Olympiad 2022"]
[Site "Nakhchivan"]
[Date "2022.10.09"]
[Round "8.39"]
[White "Mohamed Mostafa, Omar"]
[Black "Rzayev, Murad"]
[Result "0-1"]
[WhiteElo "1503"]
[BlackElo "1699"]
[Annotator "NA RC COMBH"]
[PlyCount "82"]
[EventDate "2022.10.02"]
[EventType "team-tourn"]
[EventCountry "AZE"]
[SourceTitle "playchess.com"]
[Source "ChessBase"]
[SourceQuality "1"]
[WhiteTeam "Egypt"]
[BlackTeam "Azerbaijan"]
[WhiteTeamCountry "EGY"]
[BlackTeamCountry "AZE"]

1. e4 c5 2. Nf3 e6 3. d3 Nc6 4. g3 b6 5. Bg2 Bb7 6. O-O d6 7. Re1 Nf6 8. e5 Nxe5 9. Nxe5 Bxg2 10. Nxf7 Kxf7 11. Kxg2 g6 12. Qe2 Qd7 13. Nc3 Bg7 14. Bg5 Rhf8 15. Rad1 e5 16. Bxf6 Bxf6 17. Nd5 Bg7 18. c4 Kg8 19. Qe4 Rae8 20. h4 Qf5 21. Qxf5 Rxf5 22. d4 cxd4 23. Rxd4 Rxf2+ 24. Kxf2 Rf8+ 25. Rf4 exf4 26. Nxf4 Bxb2 27. Kg2 Kf7 28. Rf1 Ke8 29. Re1+ Kd7 30. Nd5 Be5 31. Rb1 Kc6 32. Nb4+ Kc5 33. Nd3+ Kxc4 34. Nxe5+ dxe5 35. Rc1+ Kd3 36. Rc7 e4 37. Rd7+ Ke2 38. Rxh7 e3 39. Rxa7 Rf2+ 40. Kg1 Kf3 41. Ra3 Rb2 0-1

[Event "FIDE WY-U16 Olympiad 2022"]
[Site "Nakhchivan"]
[Date "2022.10.10"]
[Round "9.1"]
[White "Pranav Vijay"]
[Black "Kilic, Eray"]
[Result "1-0"]
[WhiteElo "2265"]
[BlackElo "2428"]
[Annotator "TA"]
[PlyCount "95"]
[EventDate "2022.10.02"]
[EventType "team-tourn"]
[EventCountry "AZE"]
[SourceTitle "playchess.com"]
[Source "ChessBase"]
[SourceQuality "1"]
[WhiteTeam "India"]
[BlackTeam "Turkey"]
[WhiteTeamCountry "IND"]
[BlackTeamCountry "TUR"]

1. e4 c5 2. Nf3 d6 3. d4 cxd4 4. Nxd4 Nf6 5. Nc3 a6 6. Bg5 e6 7. f4 h6 8. Bh4 Qb6 9. a3 Be7 10. Bf2 Qc7 11. Qf3 Nbd7 12. O-O-O b5 13. g4 Bb7 14. h4 Nc5 15. Bd3 d5 16. e5 Nfe4 17. Bxe4 Nxe4 18. Be1 Rc8 19. Rh3 b4 20. axb4 Bxb4 21. Nxe4 dxe4 22. Qb3 Bxe1 23. Qa4+ Ke7 24. Rxe1 Rhd8 25. Rd1 Bd5 26. Rc3 Qb7 27. Rxc8 Rxc8 28. Qa3+ Ke8 29. g5 Qe7 30. Qxa6 Ra8 31. Qb5+ Kf8 32. Kd2 hxg5 33. hxg5 Qa7 34. Qb4+ Kg8 35. Qc3 Qb7 36. b3 Rc8 37. Qa5 Ra8 38. Qb5 Qc7 39. Qb4 Rc8 40. c4 e3+ 41. Kxe3 Ba8 42. g6 Rd8 43. Nb5 Qb6+ 44. c5 Qb8 45. Rxd8+ Qxd8 46. gxf7+ Kxf7 47. Nd6+ Kg8 48. Qb6 1-0